000 00873 a2200217 4500
999 _c3374
_d3374
020 _a0024035459
050 0 0 _aLB 1139 ROO 1993
100 _aRoopnarine, Jaipaul L.
_eEditor
245 0 0 _aApproaches to early childhood education /
_cedited by J.L. Roopnarine and J.E. Johnson.
250 _a2nd ed.
264 _aColumbus, Ohio:
_bMerrill Pub. Co.,
_c1993
300 _axviii, 386 p. :
_bill.
500 _aIncludes bibliographical references and indexes.
504 _aIncludes bibliographical references and indexes.
650 0 _aEarly childhood education
650 0 _aEducational innovations
650 0 _aEarly childhood educators
_xTraining of
700 1 _aJohnson, James E.
_q(James Ewald),
_d1947-
_eEditor
942 _2lcc
_cBK
_e2nd ed.
_h1139
_iROO
_kLB